The varieties of religious experience : a study in human nature /

محفوظ في:

المؤلف الرئيسي: James, William, 1842-1910 (مؤلف)

مؤلفون آخرون: Barzun, Jacques, 1907-2012.

التنسيق: كتاب

اللغة: English

منشور في: [New York] : New American Library, [1958].

سلاسل: Mentor book ; MD221.

الموضوعات:

الوسوم: إضافة وسم

لا توجد وسوم, كن أول من يضع وسما على هذه التسجيلة!

رقم الطلب: BR110 .J3 1958

LEADER 01020nam a22003131 4500
001 7279
003 OSt
005 20251007103944.0
008 130303s1958 nyu b 000 0 eng d
010 |a 58001697 
035 |a ocm01711345 
040 |c ARCE Library 
050 4 |a BR110 .J3 1958 
100 1 |a James, William,  |d 1842-1910,  |e author 
245 1 4 |a The varieties of religious experience :  |b a study in human nature /  |c William James ; Forword by Jacques Barzun. 
264 1 |a [New York] :  |b New American Library,  |c [1958]. 
300 |a 406 pages ;   |c 19 cm. 
490 1 |a Mentor book ;  |v MD221. 
500 |a "Being the Gifford lectures on natural religion delivered at Edinburgh in 1901-1902." 
504 |a Bibliographical footnotes. 
650 0 |a Religion. 
650 0 |a Philosophy and religion. 
650 0 |a Conversion.  |9 2599 
650 0 |a Psychology, Religious. 
700 1 |a Barzun, Jacques,  |d 1907-2012.  |9 26341 
830 0 |a Mentor book ;  |v MD221. 
901 |a reviewed 
942 |c BK  |2 lcc 
999 |c 4238  |d 4238